Total quality management: (Record no. 153124)

MARC details
000 -LEADER
fixed length control field 00744nam a22002057a 4500
005 - DATE AND TIME OF LATEST TRANSACTION
control field 20180804105805.0
010 ## - LCCN (DPL NO)
LC control number B-163701
020 ## - INTERNATIONAL STANDARD BOOK NUMBER
International Standard Book Number 8125916639
Terms of availability 185.00
035 ## - SYSTEM CONTROL NUMBER
System control number B-163701, B-163695
037 ## - SOURCE OF ACQUISITION
Source of stock number/acquisition Vikas Publishing House Pvt. Ltd.
082 ## - DEWEY DECIMAL CLASSIFICATION NUMBER
Classification number 658.662
100 ## - MAIN ENTRY--PERSONAL NAME
Personal name Mandal, S.K.
245 ## - TITLE STATEMENT
Title Total quality management:
Remainder of title principles & practice
Statement of responsibility, etc S.K.Mandal,
260 ## - PUBLICATION, DISTRIBUTION, ETC. (IMPRINT)
Place of publication, distribution, etc New Delhi
Name of publisher, distributor, etc Vikas Publishing House Pvt. Ltd
Date of publication, distribution, etc 2007
270 ## - ADDRESS
Address 576, Masjid Road, Jangpura, New Delhi-110014
City New Delhi
Postal code 110014
300 ## - PHYSICAL DESCRIPTION
Extent 412p.
Dimensions 22cm(pb)
500 ## - GENERAL NOTE
General note Index
942 ## - ADDED ENTRY ELEMENTS (KOHA)
Source of classification or shelving scheme Dewey Decimal Classification
Item type English Books
Classification part 658.662
Call number suffix MAN
Holdings
Withdrawn status Lost status Not for loan Collection code Home library Current library Date acquired Full call number Barcode Koha item type Source of acquisition Cost, normal purchase price Cost, replacement price
      Non-fiction Patel Nagar Patel Nagar 04/08/2018 658.662 MAN B-163695 English Books BPPD/PUB 185.00 185.00
      Non-fiction Sarojini Nagar Sarojini Nagar 01/07/2018 658.662 MAN B-163701 English Books      

© Delhi Public Library
Hit Counter
free hit counter